Critical Literacies Global and Multicultural Perspectives /

This book offers comprehensive coverage of critical literacies by pursuing a balanced approach to theory, research, and practice. By clarifying the gaps among the frameworks of critical literacies, the author discusses new ways of approaching them from global and multicultural perspectives and provi...

Full description

Main Author: Yoon, Bogum. (Author, http://id.loc.gov/vocabulary/relators/aut)
Corporate Author: SpringerLink (Online service)
Language:English
Published: Singapore : Springer Singapore : Imprint: Springer, 2016.
Edition:1st ed. 2016.
Subjects:
Online Access:https://doi.org/10.1007/978-981-287-943-1
LEADER 02913nam a22004455i 4500
001 978-981-287-943-1
003 DE-He213
005 20210618054030.0
007 cr nn 008mamaa
008 151210s2016 si | s |||| 0|eng d
020 |a 9789812879431  |9 978-981-287-943-1 
024 7 |a 10.1007/978-981-287-943-1  |2 doi 
050 4 |a LC149-161 
072 7 |a CFC  |2 bicssc 
072 7 |a EDU029020  |2 bisacsh 
072 7 |a CFC  |2 thema 
082 0 4 |a 374.0124  |2 23 
100 1 |a Yoon, Bogum.  |e author.  |4 aut  |4 http://id.loc.gov/vocabulary/relators/aut 
245 1 0 |a Critical Literacies  |h [electronic resource] :  |b Global and Multicultural Perspectives /  |c by Bogum Yoon. 
250 |a 1st ed. 2016. 
264 1 |a Singapore :  |b Springer Singapore :  |b Imprint: Springer,  |c 2016. 
300 |a XVII, 178 p.  |b online resource. 
336 |a text  |b txt  |2 rdacontent 
337 |a computer  |b c  |2 rdamedia 
338 |a online resource  |b cr  |2 rdacarrier 
347 |a text file  |b PDF  |2 rda 
505 0 |a Part I Overview, Rationale, Foundation -- Chapter 1 Introduction -- Chapter 2 Rationale for the Project -- Chapter 3 Theoretical Foundation of Critical Literacies, Global, and Multicultural Education -- Part II Teachers' Examples in Diverse Classroom Settings -- Chapter 4 Case Studies in the High School Classroom -- Chapter 5 Case Studies in the Middle School Classroom -- Chapter 6 Case Studies in the Elementary School Classroom -- Chapter 7 Understanding Teachers' Practice from Broader Perspectives -- Part III Practical Suggestions for Critical Global Literacies -- Chapter 8 Across the Curriculum and the Text -- Chapter 9 Future Research and Practice -- Chapter 10 Conclusion. 
520 |a This book offers comprehensive coverage of critical literacies by pursuing a balanced approach to theory, research, and practice. By clarifying the gaps among the frameworks of critical literacies, the author discusses new ways of approaching them from global and multicultural perspectives and provides an instructional model of critical global literacies that draws on her own experience and an extensive literature review. This insightful book also documents teachers’ case studies, focusing on their voices and instructional approaches in diverse classrooms. The author critically analyses the case studies and offers important suggestions for future research and practice. 
650 0 |a Literacy. 
650 1 4 |a Literacy.  |0 https://scigraph.springernature.com/ontologies/product-market-codes/O40000 
710 2 |a SpringerLink (Online service) 
773 0 |t Springer Nature eBook 
776 0 8 |i Printed edition:  |z 9789812879417 
776 0 8 |i Printed edition:  |z 9789812879424 
776 0 8 |i Printed edition:  |z 9789811357312 
856 4 0 |u https://doi.org/10.1007/978-981-287-943-1 
912 |a ZDB-2-EDA 
912 |a ZDB-2-SXED 
950 |a Education (SpringerNature-41171) 
950 |a Education (R0) (SpringerNature-43721)